Environmentálne orientovaný reporting organizácií so zavedeným EMS a EMAS
Environmentálny reporting a environmentálne správy. Správy o stave životného prostredia SR. Prínosy vydávania environmentálnych správ. Štandardizácia environmentálnych správ. Typy podnikových environmentálnych správ. EMS a komunikácia so zainteresovanými osobami a inštitúciami. Prieskum o environme...
Salvato in:
| Autore principale: | |
|---|---|
| Altri autori: | |
| Natura: | Capitolo di libro |
| Lingua: | slovacco |
| Soggetti: | |
| Tags: |
Nessun Tag, puoi essere il primo ad aggiungerne!!
|
MARC
| LEADER | 00000naa a2200000 4500 | ||
|---|---|---|---|
| 001 | 0148872 | ||
| 005 | 20240502072659.0 | ||
| 041 | 0 | |a slo | |
| 044 | |a SK | ||
| 245 | 1 | 0 | |a Environmentálne orientovaný reporting organizácií so zavedeným EMS a EMAS |c Miroslav Rusko, Vojtech Kollár |
| 520 | |a Environmentálny reporting a environmentálne správy. Správy o stave životného prostredia SR. Prínosy vydávania environmentálnych správ. Štandardizácia environmentálnych správ. Typy podnikových environmentálnych správ. EMS a komunikácia so zainteresovanými osobami a inštitúciami. Prieskum o environmentálnom reportingu organizácií so zavedeným EMS/EMAS v SR. | ||
| 610 | 2 | 0 | |a reporting |
| 610 | 2 | 0 | |a Slovensko |
| 610 | 2 | 0 | |a systémy environmentálne manažérske |
| 610 | 2 | 0 | |a prostredie životné |
| 100 | 1 | |a Rusko, Miroslav | |
| 700 | 1 | |a Kollár, Vojtech | |